保教立国 : 康有为的现代方略=Protecting Education and Founding the Nation: Kang Youwei's Modern Strategy (Record no. 591794)

000 -LEADER
fixed length control field 00423nam a22001337a 4500
020 ## - INTERNATIONAL STANDARD BOOK NUMBER
International Standard Book Number 9787108051936
082 ## - DEWEY DECIMAL CLASSIFICATION NUMBER
Classification number 951
Author Mark CHU
100 ## - MAIN ENTRY--PERSONAL NAME
Personal name Gan, Chunsong
245 ## - TITLE STATEMENT
Title 保教立国 : 康有为的现代方略=Protecting Education and Founding the Nation: Kang Youwei's Modern Strategy
Statement of responsibility, etc. Gan, Chunsong
260 ## - PUBLICATION, DISTRIBUTION, ETC.
Place of publication, distribution, etc. Beijing
Name of publisher, distributor, etc. SDX Joint publishing company
Date of publication, distribution, etc. 2015
300 ## - PHYSICAL DESCRIPTION
Extent 328p
563 ## - BINDING INFORMATION
Binding note PB
942 ## - ADDED ENTRY ELEMENTS (KOHA)
Source of classification or shelving scheme
Koha item type Book
Holdings
Withdrawn status Lost status Source of classification or shelving scheme Materials specified (bound volume or other part) Damaged status Not for loan Permanent Location Current Location Shelving location Date acquired Source of acquisition Full call number Barcode Date last seen Price effective from Koha item type
      Donated by Chinese embassy in Pakistan     Central Library (CL) Central Library (CL) Chinese Studies 10/14/2022 Donation 951 CHU CL-D-2094 10/14/2022 10/14/2022 Book
© 2023 Central Library, National University of Sciences and Technology. All Rights Reserved.